[Event "Paignton Premier 45th"]
[Site "Paignton"]
[Date "1995.09.04"]
[Round "2.5"]
[White "Franklin, Michael J"]
[Black "Stegeman, Frits"]
[Result "1/2-1/2"]
[WhiteElo "2260"]
[BlackElo "1928"]
[PlyCount "65"]
[EventDate "1995.09.03"]
[EventType "swiss"]
[EventRounds "7"]
[EventCountry "ENG"]
[SourceTitle "BritBase"]
[Source "John Saunders"]
[SourceDate "2023.06.09"]
[SourceVersion "1"]
[SourceVersionDate "2023.06.09"]
[SourceQuality "1"]

1. d4 e6 2. Nf3 d5 3. e3 c5 4. c3 Nc6 5. Bd3 Nf6 6. Nbd2 cxd4 7. exd4 Bd6 8.
O-O O-O 9. Re1 Qc7 10. Nf1 Bd7 11. Bg5 Ne7 12. Ne5 Ng6 13. Qe2 Bc6 14. Ng3 Bxe5
15. dxe5 Nd7 16. Bxg6 fxg6 17. Be7 Rf7 18. Bd6 Qb6 19. Rad1 Bb5 20. Qe3 Qxe3
21. Rxe3 Rc8 22. Nf1 Bxf1 23. Kxf1 Rc4 24. b3 Rcf4 25. Re2 R7f5 26. Rd4 g5 27.
h3 h5 28. Ke1 h4 29. f3 Kf7 30. Kd2 Ke8 31. Kd3 Nf8 32. Bxf8 Rxf8 33. Rc2
1/2-1/2

[Event "Paignton Premier 45th"]
[Site "Paignton"]
[Date "1995.09.04"]
[Round "2.6"]
[White "Archibald, Alan David"]
[Black "Lamb, Harry"]
[Result "1/2-1/2"]
[WhiteElo "1840"]
[BlackElo "2260"]
[PlyCount "45"]
[EventDate "1995.09.03"]
[EventType "swiss"]
[EventRounds "7"]
[EventCountry "ENG"]
[SourceTitle "BritBase"]
[Source "John Saunders"]
[SourceDate "2023.06.09"]
[SourceVersion "1"]
[SourceVersionDate "2023.06.09"]
[SourceQuality "1"]

1. c4 e6 2. Nc3 d5 3. d4 c5 4. e3 Nf6 5. Nf3 Nc6 6. a3 a6 7. dxc5 Bxc5 8. cxd5
exd5 9. Be2 O-O 10. O-O Be6 11. b4 Bd6 12. Bb2 Rc8 13. Rc1 Qe7 14. Nd4 Ne5 15.
Ba1 Nc4 16. Nxe6 fxe6 17. Nxd5 Nxd5 18. Bxc4 Bxh2+ 19. Kxh2 Qh4+ 20. Kg1 Rxc4
21. Rxc4 Qxc4 22. Qd4 Qxd4 23. Bxd4 1/2-1/2

[Event "Paignton Premier 45th"]
[Site "Paignton"]
[Date "1995.09.04"]
[Round "2.7"]
[White "Cole, Roland B"]
[Black "Rety, John"]
[Result "1-0"]
[WhiteElo "2250"]
[BlackElo "1872"]
[PlyCount "77"]
[EventDate "1995.09.03"]
[EventType "swiss"]
[EventRounds "7"]
[EventCountry "ENG"]
[SourceTitle "BritBase"]
[Source "John Saunders"]
[SourceDate "2023.06.09"]
[SourceVersion "1"]
[SourceVersionDate "2023.06.09"]
[SourceQuality "1"]

1. d4 Nf6 2. c4 d5 3. cxd5 Nxd5 4. e4 Nf6 5. Nc3 e6 6. Be3 c6 7. f3 Be7 8. Qd2
Nbd7 9. Bc4 b5 10. Bb3 Nb6 11. a4 b4 12. Nb1 a5 13. Qc2 Bb7 14. Ne2 Rc8 15. Nd2
Nfd7 16. Nc4 Nxc4 17. Bxc4 Nb6 18. Bb3 Ba6 19. O-O Nd7 20. Rfd1 Qb6 21. Rac1
O-O 22. Bc4 b3 23. Qd3 Bxc4 24. Rxc4 Qb7 25. Qc3 Bb4 26. Qxb3 c5 27. Rcc1 cxd4
28. Rxc8 Rxc8 29. Nxd4 Nc5 30. Qc2 Na6 31. Qe2 h6 32. Nb5 Qe7 33. Na7 Ra8 34.
Nc6 Qb7 35. Qb5 Qc8 36. Rd8+ Qxd8 37. Nxd8 Rxd8 38. Qxa6 Rd1+ 39. Kf2 1-0

[Event "Paignton Premier 45th"]
[Site "Paignton"]
[Date "1995.09.04"]
[Round "2.8"]
[White "Richardson, Kevin Derek"]
[Black "Peters, Stephen G"]
[Result "1/2-1/2"]
[WhiteElo "2170"]
[BlackElo "2144"]
[PlyCount "87"]
[EventDate "1995.09.03"]
[EventType "swiss"]
[EventRounds "7"]
[EventCountry "ENG"]
[SourceTitle "BritBase"]
[Source "John Saunders"]
[SourceDate "2023.06.09"]
[SourceVersion "1"]
[SourceVersionDate "2023.06.09"]
[SourceQuality "1"]

1. e4 e6 2. d4 d5 3. Nc3 Bb4 4. e5 c5 5. a3 Bxc3+ 6. bxc3 Qc7 7. Nf3 Ne7 8. Be2
b6 9. O-O Ba6 10. Bxa6 Nxa6 11. c4 dxc4 12. c3 Qd7 13. Ng5 Rd8 14. Ne4 cxd4 15.
Nd6+ Kf8 16. Bg5 Qc6 17. Qh5 Rxd6 18. Bxe7+ Kxe7 19. exd6+ Qxd6 20. Rad1 d3 21.
Qg5+ Kf8 22. Qb5 Nc5 23. Qxc4 f6 24. Rfe1 Ke7 25. Re3 g5 26. Rexd3 Nxd3 27.
Rxd3 Qf4 28. Qb3 Rd8 29. Rxd8 Kxd8 30. g3 Qd6 31. Qa4 a5 32. h4 h6 33. Qe4 Qxa3
34. Qxe6 Qxc3 35. Qxb6+ Ke7 36. Qb7+ Ke6 37. Qe4+ Qe5 38. Qc6+ Kf7 39. Qb7+ Kg6
40. Qb1+ Kg7 41. h5 Qe8 42. g4 a4 43. Qb7+ Qf7 44. Qb4 1/2-1/2

[Event "Paignton Premier 45th"]
[Site "Paignton"]
[Date "1995.09.04"]
[Round "2.9"]
[White "Soesan, Joseph Maurice"]
[Black "Smith, Alan A"]
[Result "0-1"]
[WhiteElo "1792"]
[BlackElo "2255"]
[PlyCount "44"]
[EventDate "1995.09.03"]
[EventType "swiss"]
[EventRounds "7"]
[EventCountry "ENG"]
[SourceTitle "BritBase"]
[Source "John Saunders"]
[SourceDate "2023.06.09"]
[SourceVersion "1"]
[SourceVersionDate "2023.06.09"]
[SourceQuality "1"]

1. d4 b6 2. e4 Bb7 3. Bd3 Nf6 4. Qe2 e6 5. f4 c5 6. c3 cxd4 7. cxd4 Nc6 8. Nf3
Nb4 9. Nbd2 Nxd3+ 10. Qxd3 Qc8 11. h3 Bb4 12. Kf2 Ba6 13. Qb1 O-O 14. a3 Bxd2
15. Bxd2 d5 16. e5 Ne4+ 17. Ke3 Qc4 18. Re1 Rac8 19. b3 Qc3+ 20. Bxc3 Rxc3+ 21.
Qd3 Rxd3+ 22. Ke2 Rc8 0-1

[Event "Paignton Premier 45th"]
[Site "Paignton"]
[Date "1995.09.04"]
[Round "2.10"]
[White "Mordue, A Tyson"]
[Black "Wright, Andrew D"]
[Result "1-0"]
[WhiteElo "2230"]
[BlackElo "1560"]
[PlyCount "87"]
[EventDate "1995.09.03"]
[EventType "swiss"]
[EventRounds "7"]
[EventCountry "ENG"]
[SourceTitle "BritBase"]
[Source "John Saunders"]
[SourceDate "2023.06.09"]
[SourceVersion "1"]
[SourceVersionDate "2023.06.09"]
[SourceQuality "1"]

1. e4 Nf6 2. e5 Nd5 3. d4 d6 4. Nf3 Bg4 5. Be2 Nc6 6. O-O e6 7. Re1 Be7 8. h3
Bh5 9. Nbd2 Nf4 10. Bb5 a6 11. Bxc6+ bxc6 12. Nb3 g5 13. Na5 Qd7 14. c3 dxe5
15. Rxe5 f6 16. Bxf4 fxe5 17. Bxe5 O-O 18. g4 Qd5 19. Nd2 Bg6 20. Nac4 Rf7 21.
Bxc7 Raf8 22. Bg3 c5 23. Ne3 Qb7 24. Qb3 Qxb3 25. Nxb3 cxd4 26. Nxd4 e5 27. Nc6
Bf6 28. Nd5 Rd7 29. Rd1 Rb7 30. b3 Bg7 31. Nde7+ Kh8 32. Nxg6+ hxg6 33. Nxe5
Kh7 34. c4 Re8 35. Rd5 Rbe7 36. Nf3 Re2 37. Nxg5+ Kg8 38. a3 Ra2 39. Ra5 Ree2
40. Nf3 Bf8 41. b4 Bd6 42. Bxd6 Rxf2 43. Ne1 Rfe2 44. Re5 1-0

[Event "Paignton Premier 45th"]
[Site "Paignton"]
[Date "1995.09.04"]
[Round "2.11"]
[White "Brusey, Alan W"]
[Black "Brogden, John G"]
[Result "1/2-1/2"]
[WhiteElo "2016"]
[BlackElo "1888"]
[PlyCount "30"]
[EventDate "1995.09.03"]
[EventType "swiss"]
[EventRounds "7"]
[EventCountry "ENG"]
[SourceTitle "BritBase"]
[Source "John Saunders"]
[SourceDate "2023.06.09"]
[SourceVersion "1"]
[SourceVersionDate "2023.06.09"]
[SourceQuality "1"]

1. e4 e5 2. Nf3 Nc6 3. Be2 Nf6 4. d4 Nxd4 5. Nxd4 exd4 6. Qxd4 d6 7. O-O Be7 8.
c4 O-O 9. Nc3 Ne8 10. Nd5 f5 11. exf5 Bxf5 12. Nxe7+ Qxe7 13. Qd5+ Kh8 14. Qxb7
Be4 15. Qb3 Bxg2 1/2-1/2

[Event "Paignton Premier 45th"]
[Site "Paignton"]
[Date "1995.09.04"]
[Round "2.12"]
[White "Hempson, Peter W"]
[Black "Isherwood, Paul"]
[Result "1/2-1/2"]
[WhiteElo "2255"]
[BlackElo "1832"]
[PlyCount "108"]
[EventDate "1995.09.03"]
[EventType "swiss"]
[EventRounds "7"]
[EventCountry "ENG"]
[SourceTitle "BritBase"]
[Source "John Saunders"]
[SourceDate "2023.06.09"]
[SourceVersion "1"]
[SourceVersionDate "2023.06.09"]
[SourceQuality "1"]

1. d4 Nf6 2. c4 g6 3. Nc3 Bg7 4. e4 d6 5. f3 O-O 6. Be3 Nbd7 7. Qd2 c5 8. Nge2
a6 9. Rd1 Qa5 10. Nc1 Rb8 11. Nb3 Qc7 12. Be2 b6 13. O-O Bb7 14. d5 Ba8 15. Nc1
Ne5 16. h3 Rfe8 17. f4 Ned7 18. a4 e6 19. Bf3 exd5 20. exd5 Re7 21. Bf2 Rbe8
22. g4 h6 23. Nd3 Qb8 24. Bh4 Re3 25. Rde1 Nh7 26. Kg2 Bd4 27. Ne2 Bg7 28. Bf2
R3e7 29. Nc3 Nhf6 30. h4 Bb7 31. Be3 b5 32. axb5 axb5 33. g5 b4 34. Nd1 Ne4 35.
Bxe4 Rxe4 36. b3 Qd8 37. N1f2 Bc3 38. Qc1 R4e7 39. Bd2 Bg7 40. Rxe7 Qxe7 41.
Re1 Qf8 42. Rxe8 Qxe8 43. Qe1 Qxe1 44. Bxe1 Kf8 45. Bd2 f5 46. Nd1 Kf7 47. Kf3
Nb6 48. Ne3 Na8 49. Ke2 Nc7 50. Nf2 Ne8 51. Nh1 Bc8 52. Ng3 hxg5 53. hxg5 Bd7
54. Nd1 Bd4 1/2-1/2

[Event "Paignton Premier 45th"]
[Site "Paignton"]
[Date "1995.09.04"]
[Round "2.15"]
[White "White, Mark W"]
[Black "Southall, Andrew C"]
[Result "1/2-1/2"]
[WhiteElo "1992"]
[BlackElo "2192"]
[PlyCount "74"]
[EventDate "1995.09.03"]
[EventType "swiss"]
[EventRounds "7"]
[EventCountry "ENG"]
[SourceTitle "BritBase"]
[Source "John Saunders"]
[SourceDate "2023.06.09"]
[SourceVersion "1"]
[SourceVersionDate "2023.06.09"]
[SourceQuality "1"]

1. d4 Nf6 2. Nc3 c5 3. Nf3 cxd4 4. Nxd4 e5 5. Ndb5 d5 6. Nxd5 Na6 7. Nxf6+ Qxf6
8. e3 Bd7 9. Bc4 Bc6 10. O-O Qg6 11. f3 Bc5 12. Kh1 O-O 13. e4 Kh8 14. Qe2 f5
15. exf5 Qxf5 16. Bd3 e4 17. fxe4 Qxf1+ 18. Qxf1 Rxf1+ 19. Bxf1 Bxe4 20. Bd3
Bxd3 21. cxd3 Nb4 22. d4 Nc2 23. Rb1 Nxd4 24. Nxd4 Bxd4 25. Bf4 h6 26. g3 Re8
27. b3 g5 28. Bd6 Kg7 29. Rc1 Kg6 30. h3 Re6 31. Bc7 b6 32. Rc4 Bf6 33. Rc2 h5
34. Kg2 a5 35. Kf3 Bd4 36. g4 hxg4+ 37. hxg4 Re3+ 1/2-1/2

[Event "Paignton Premier 45th"]
[Site "Paignton"]
[Date "1995.09.04"]
[Round "2.16"]
[White "Wheeler, John Francis"]
[Black "Tonkin, David S"]
[Result "1-0"]
[WhiteElo "2128"]
[BlackElo "1576"]
[PlyCount "79"]
[EventDate "1995.09.03"]
[EventType "swiss"]
[EventRounds "7"]
[EventCountry "ENG"]
[SourceTitle "BritBase"]
[Source "John Saunders"]
[SourceDate "2023.06.09"]
[SourceVersion "1"]
[SourceVersionDate "2023.06.09"]
[SourceQuality "1"]

1. d4 Nf6 2. c4 e6 3. Nc3 Bb4 4. Qc2 d5 5. e3 O-O 6. a3 Bxc3+ 7. Qxc3 Ne4 8.
Qc2 f5 9. Bd3 Qg5 10. f3 Qh4+ 11. g3 Nxg3 12. Qf2 g5 13. Qxg3 Qxg3+ 14. hxg3 c6
15. Rh5 g4 16. fxg4 dxc4 17. Bxc4 fxg4 18. e4 b5 19. Bb3 a5 20. Bh6 Rf6 21. e5
Rg6 22. Bc2 Kf7 23. Bxg6+ Kxg6 24. Rh2 Nd7 25. O-O-O b4 26. Ne2 Ba6 27. Nf4+
Kf5 28. Rf2 Rc8 29. Nd3+ Kg6 30. Be3 Bxd3 31. Rxd3 c5 32. dxc5 Nxe5 33. Rd6 Nf3
34. Rxe6+ Kf5 35. Rd6 Ke4 36. Re2 Kf5 37. Rc2 Ke4 38. Bf4 Nd4 39. Rc4 Rxc5 40.
Rdxd4+ 1-0

[Event "Paignton Premier 45th"]
[Site "Paignton"]
[Date "1995.09.04"]
[Round "2.17"]
[White "Waldteufel, Roberto E"]
[Black "Savory, Richard J"]
[Result "0-1"]
[WhiteElo "1904"]
[BlackElo "2080"]
[PlyCount "50"]
[EventDate "1995.09.03"]
[EventType "swiss"]
[EventRounds "7"]
[EventCountry "ENG"]
[SourceTitle "BritBase"]
[Source "John Saunders"]
[SourceDate "2023.06.09"]
[SourceVersion "1"]
[SourceVersionDate "2023.06.09"]
[SourceQuality "1"]

1. d4 d5 2. Bf4 Nf6 3. e3 e6 4. Nf3 Be7 5. Ne5 Nbd7 6. Nd2 Nxe5 7. Bxe5 O-O 8.
Bd3 b6 9. Qf3 Bb7 10. Qh3 g6 11. g4 c5 12. c3 Nd7 13. Bf4 e5 14. dxe5 c4 15.
Bc2 d4 16. Be4 dxc3 17. Bxb7 cxd2+ 18. Kd1 Rb8 19. Ba6 b5 20. a4 Nc5 21. Bxb5
Nb3 22. Bxc4 Nxa1 23. e6 f6 24. Bxb8 Qxb8 25. Bb5 a6 0-1

[Event "Paignton Premier 45th"]
[Site "Paignton"]
[Date "1995.09.04"]
[Round "2.18"]
[White "Cock, John Crowle"]
[Black "George, Ian M"]
[Result "1-0"]
[WhiteElo "1888"]
[BlackElo "2072"]
[PlyCount "107"]
[EventDate "1995.09.03"]
[EventType "swiss"]
[EventRounds "7"]
[EventCountry "ENG"]
[SourceTitle "BritBase"]
[Source "John Saunders"]
[SourceDate "2023.06.09"]
[SourceVersion "1"]
[SourceVersionDate "2023.06.09"]
[SourceQuality "1"]

1. e4 c5 2. Nf3 e6 3. d4 cxd4 4. Nxd4 Nf6 5. Nc3 Nc6 6. Ndb5 d6 7. Bf4 e5 8.
Bg5 a6 9. Na3 b5 10. Nd5 Be7 11. Nxe7 Nxe7 12. Qf3 Bg4 13. Qg3 Be6 14. Bd3 h6
15. Bd2 Ng6 16. O-O Nh5 17. Qe3 Nhf4 18. Rad1 Qg5 19. Qg3 Qxg3 20. hxg3 Nxd3
21. cxd3 Kd7 22. b3 Rhc8 23. Rc1 Ne7 24. Rc2 Rxc2 25. Nxc2 Rc8 26. Ne3 Nc6 27.
Rc1 Nd4 28. Rxc8 Kxc8 29. Kf1 Kb7 30. Ke1 f6 31. Kd1 Kb6 32. Bb4 Kc7 33. Ba5+
Kd7 34. Bc3 Nc6 35. Kc2 b4 36. Bb2 a5 37. Kd2 Nd4 38. Bxd4 exd4 39. Nc2 f5 40.
Nxd4 fxe4 41. Nxe6 Kxe6 42. dxe4 d5 43. Kd3 dxe4+ 44. Kxe4 h5 45. f3 Kd6 46.
Kf5 Kd5 47. Kg6 Kd4 48. Kxg7 Kc3 49. f4 Kb2 50. f5 Kxa2 51. f6 a4 52. f7 axb3
53. f8=Q b2 54. Qxb4 1-0

[Event "Paignton Premier 45th"]
[Site "Paignton"]
[Date "1995.09.04"]
[Round "2.19"]
[White "Williams, Philip J"]
[Black "Phillips, Alan"]
[Result "1/2-1/2"]
[WhiteElo "1832"]
[BlackElo "2160"]
[PlyCount "102"]
[EventDate "1995.09.03"]
[EventType "swiss"]
[EventRounds "7"]
[EventCountry "ENG"]
[SourceTitle "BritBase"]
[Source "John Saunders"]
[SourceDate "2023.06.09"]
[SourceVersion "1"]
[SourceVersionDate "2023.06.09"]
[SourceQuality "1"]

1. e4 e5 2. Nf3 Nc6 3. Bb5 f5 4. d3 fxe4 5. dxe4 Nf6 6. Qe2 Bc5 7. Nc3 Nd4 8.
Nxd4 Bxd4 9. Bd2 c6 10. Bc4 a5 11. a4 Qb6 12. Bb3 d6 13. f3 Bd7 14. O-O-O O-O-O
15. Rhe1 Bf2 16. Rf1 Bc5 17. Na2 Qa7 18. Rfe1 Kc7 19. Be3 Bxe3+ 20. Qxe3 Qxe3+
21. Rxe3 Rhf8 22. Nc3 Bc8 23. Nb1 Nh5 24. Na3 Nf4 25. Rd2 b6 26. Rc3 Rf6 27.
Bc4 Kb7 28. Re3 Ne6 29. Bxe6 Bxe6 30. b3 Bg8 31. Kb2 g5 32. Nb1 Kc7 33. Nc3 h5
34. h3 Be6 35. Nd1 Rdf8 36. Nf2 Bc8 37. Kc3 Rf4 38. Nd3 R4f7 39. Nf2 Rg8 40.
Kb2 Ba6 41. Re1 Bb7 42. Re3 Re8 43. Re1 d5 44. Kc1 d4 45. Kb2 c5 46. Rh1 h4 47.
c4 dxc3+ 48. Kxc3 Rd7 49. Rxd7+ Kxd7 50. Ng4 Ke6 51. Rd1 Rc8 1/2-1/2

[Event "Paignton Premier 45th"]
[Site "Paignton"]
[Date "1995.09.05"]
[Round "3.1"]
[White "Buckley, Graeme N"]
[Black "Arkell, Keith C"]
[Result "1-0"]
[WhiteElo "2355"]
[BlackElo "2505"]
[PlyCount "109"]
[EventDate "1995.09.03"]
[EventType "swiss"]
[EventRounds "7"]
[EventCountry "ENG"]
[SourceTitle "BritBase"]
[Source "John Saunders"]
[SourceDate "2023.06.09"]
[SourceVersion "1"]
[SourceVersionDate "2023.06.09"]
[SourceQuality "1"]

1. Nf3 Nf6 2. g3 b5 3. Bg2 Bb7 4. O-O e6 5. d3 d5 6. Nbd2 Nbd7 7. e4 dxe4 8.
Ng5 Rb8 9. Ngxe4 Be7 10. Qe2 O-O 11. a4 b4 12. Nc4 Bd5 13. Be3 a6 14. Rad1 Qc8
15. Na5 c5 16. Bf4 Ra8 17. c4 bxc3 18. bxc3 Ra7 19. c4 Ba8 20. Rb1 e5 21. Bd2
Qc7 22. Bc3 Ne8 23. Nd2 Bxg2 24. Kxg2 Nd6 25. Qf3 Rc8 26. Rb3 Nf8 27. Rfb1 Qd7
28. Ra3 Bd8 29. Qd5 Nf5 30. Nb7 Qxd5+ 31. cxd5 Nd7 32. Nc4 Nd4 33. Nxd8 Rxd8
34. Ba5 Rc8 35. Ra2 Nf6 36. d6 Nc6 37. Bc7 Nd7 38. Nb6 Nxb6 39. Rxb6 Nd8 40.
Rab2 Kf8 41. Rb8 Ra8 42. d7 Rxc7 43. Rxa8 Rxd7 44. Rb3 Rd6 45. Rc3 Rd5 46. Rc8
Ke7 47. R3xc5 Rxd3 48. Rxe5+ Ne6 49. Ra8 Kf6 50. Ra5 Nc7 51. Rc8 Rd7 52. Rc5
Ne6 53. R8c6 Ke7 54. Rh5 g5 55. Rxa6 1-0

[Event "Paignton Premier 45th"]
[Site "Paignton"]
[Date "1995.09.05"]
[Round "3.2"]
[White "Lane, Gary William"]
[Black "Cole, Roland B"]
[Result "1-0"]
[WhiteElo "2400"]
[BlackElo "2250"]
[PlyCount "69"]
[EventDate "1995.09.03"]
[EventType "swiss"]
[EventRounds "7"]
[EventCountry "ENG"]
[SourceTitle "BritBase"]
[Source "John Saunders"]
[SourceDate "2023.06.09"]
[SourceVersion "1"]
[SourceVersionDate "2023.06.09"]
[SourceQuality "1"]

1. e4 c5 2. Nc3 d6 3. Nf3 Nf6 4. d4 cxd4 5. Nxd4 g6 6. g3 Nc6 7. Nde2 b6 8. Bg2
Ba6 9. Nd5 Bg7 10. O-O Rc8 11. c3 O-O 12. f4 Na5 13. h3 Qd7 14. g4 Nxd5 15.
exd5 f5 16. g5 Qb5 17. Rf2 Nb7 18. Nd4 Bxd4 19. Qxd4 Nc5 20. Bf1 Qd7 21. Bxa6
Nxa6 22. c4 e5 23. dxe6 Qxe6 24. b3 Qe1+ 25. Kh2 Qe4 26. Qc3 Rc7 27. Bb2 Re7
28. Qh8+ Kf7 29. Qxh7+ Ke8 30. Qxg6+ Kd7 31. Rd1 Nc5 32. Qxd6+ Kc8 33. Be5 Qb7
34. Rfd2 Ne6 35. Qd5 1-0

[Event "Paignton Premier 45th"]
[Site "Paignton"]
[Date "1995.09.05"]
[Round "3.3"]
[White "Lamb, Harry"]
[Black "Dodgson, John A"]
[Result "1-0"]
[WhiteElo "2260"]
[BlackElo "2130"]
[PlyCount "63"]
[EventDate "1995.09.03"]
[EventType "swiss"]
[EventRounds "7"]
[EventCountry "ENG"]
[SourceTitle "BritBase"]
[Source "John Saunders"]
[SourceDate "2023.06.09"]
[SourceVersion "1"]
[SourceVersionDate "2023.06.09"]
[SourceQuality "1"]

1. Nf3 c5 2. g3 Nc6 3. d4 cxd4 4. Nxd4 g6 5. Bg2 Bg7 6. Nb3 Nf6 7. c4 O-O 8.
Nc3 d6 9. O-O Be6 10. c5 Bxb3 11. Qxb3 Na5 12. Qb5 a6 13. Qb4 dxc5 14. Qxc5 Rc8
15. Qa7 Qc7 16. Bf4 e5 17. Bg5 Ra8 18. Qe3 Nc4 19. Qf3 e4 20. Nxe4 Nxe4 21.
Qxe4 Bxb2 22. Rab1 b5 23. Qc2 Rac8 24. Rxb2 Nxb2 25. Qxb2 Qc3 26. Qxc3 Rxc3 27.
Rd1 Rc2 28. Rd7 Rxa2 29. Bd5 Rxe2 30. Bh6 Rc8 31. Bxf7+ Kh8 32. Bd5 1-0

[Event "Paignton Premier 45th"]
[Site "Paignton"]
[Date "1995.09.05"]
[Round "3.4"]
[White "Saunders, John C"]
[Black "Franklin, Michael J"]
[Result "1/2-1/2"]
[WhiteElo "2240"]
[BlackElo "2260"]
[PlyCount "24"]
[EventDate "1995.09.03"]
[EventType "swiss"]
[EventRounds "7"]
[EventCountry "ENG"]
[SourceTitle "BritBase"]
[Source "John Saunders"]
[SourceDate "2023.06.09"]
[SourceVersion "1"]
[SourceVersionDate "2023.06.09"]
[SourceQuality "1"]

1. c4 Nf6 2. Nc3 e6 3. Nf3 c5 4. g3 b6 5. Bg2 Bb7 6. O-O Be7 7. b3 O-O 8. Bb2
d5 9. cxd5 Nxd5 10. Nxd5 Bxd5 11. d3 Nd7 12. Qc2 Bf6 {Source: John Saunders}
1/2-1/2

[Event "Paignton Premier 45th"]
[Site "Paignton"]
[Date "1995.09.05"]
[Round "3.5"]
[White "Smith, Alan A"]
[Black "Archibald, Alan David"]
[Result "1-0"]
[WhiteElo "2255"]
[BlackElo "1840"]
[PlyCount "81"]
[EventDate "1995.09.03"]
[EventType "swiss"]
[EventRounds "7"]
[EventCountry "ENG"]
[SourceTitle "BritBase"]
[Source "John Saunders"]
[SourceDate "2023.06.09"]
[SourceVersion "1"]
[SourceVersionDate "2023.06.09"]
[SourceQuality "1"]

1. e4 e5 2. Nf3 Nc6 3. Bb5 a6 4. Bxc6 dxc6 5. Nc3 f6 6. d3 Be6 7. Be3 Qd7 8. d4
exd4 9. Nxd4 O-O-O 10. O-O Bd6 11. Qe2 Ne7 12. Rab1 Bf7 13. Rfd1 f5 14. Bg5
fxe4 15. Nxe4 Rde8 16. Nxd6+ cxd6 17. Qd3 Bg6 18. Qd2 Nd5 19. Rbc1 Bh5 20. f3
h6 21. c4 Nc7 22. Bf4 g5 23. Bg3 g4 24. f4 Re4 25. Nb3 Rd8 26. Qa5 Qe8 27. Qb6
Re2 28. Re1 Qe4 29. Rxe2 Qxe2 30. Na5 Qd2 31. Qxb7+ Kd7 32. Qxc6+ Kc8 33. Qb7+
Kd7 34. Nb3 Qe3+ 35. Bf2 Qxf4 36. c5 Rf8 37. c6+ Ke6 38. Re1+ Kd5 39. Bg3 Qf7
40. Rd1+ Ke4 41. Qb4+ 1-0

[Event "Paignton Premier 45th"]
[Site "Paignton"]
[Date "1995.09.05"]
[Round "3.6"]
[White "Stegeman, Frits"]
[Black "Richardson, Kevin Derek"]
[Result "0-1"]
[WhiteElo "1928"]
[BlackElo "2170"]
[PlyCount "116"]
[EventDate "1995.09.03"]
[EventType "swiss"]
[EventRounds "7"]
[EventCountry "ENG"]
[SourceTitle "BritBase"]
[Source "John Saunders"]
[SourceDate "2023.06.09"]
[SourceVersion "1"]
[SourceVersionDate "2023.06.09"]
[SourceQuality "1"]

1. e4 c5 2. Nf3 Nc6 3. Bb5 g6 4. O-O Bg7 5. Re1 Nd4 6. Nxd4 cxd4 7. Na3 Nf6 8.
e5 Nd5 9. d3 O-O 10. Bc4 Nc7 11. Bf4 a6 12. Qd2 b5 13. Bb3 Bb7 14. Re2 Nd5 15.
Bxd5 Bxd5 16. Bh6 Rc8 17. Bxg7 Kxg7 18. Qb4 Qb6 19. Qxe7 Rfe8 20. Qb4 Qc5 21.
Qxc5 Rxc5 22. b3 g5 23. Rae1 Kg6 24. f3 Bb7 25. Kf2 h5 26. h3 h4 27. b4 Rd5 28.
Nb1 Kf5 29. Nd2 Rdxe5 30. Ne4 Bxe4 31. dxe4+ Kf4 32. Rd1 d5 33. Rxd4 dxe4 34.
Re3 Kf5 35. Rd6 R8e6 36. fxe4+ Rxe4 37. Rf3+ Rf4 38. Rd5+ Re5 39. Rxf4+ Kxf4
40. Rd3 Ke4 41. Re3+ Kd5 42. Rf3 f5 43. Rc3 Ke4 44. Rc6 Rd5 45. Ke2 Kf4 46.
Rxa6 Kg3 47. Rc6 Kxg2 48. Rc5 Rxc5 49. bxc5 f4 50. c6 f3+ 51. Kd2 f2 52. c7
f1=Q 53. c8=Q Qf4+ 54. Kc3 g4 55. Kb2 g3 56. Qc6+ Kh2 57. Qxb5 g2 58. Qe2 Kh1
0-1

[Event "Paignton Premier 45th"]
[Site "Paignton"]
[Date "1995.09.05"]
[Round "3.7"]
[White "Savory, Richard J"]
[Black "Mordue, A Tyson"]
[Result "0-1"]
[WhiteElo "2080"]
[BlackElo "2230"]
[PlyCount "62"]
[EventDate "1995.09.03"]
[EventType "swiss"]
[EventRounds "7"]
[EventCountry "ENG"]
[SourceTitle "BritBase"]
[Source "John Saunders"]
[SourceDate "2023.06.09"]
[SourceVersion "1"]
[SourceVersionDate "2023.06.09"]
[SourceQuality "1"]

1. e4 c5 2. Nf3 d6 3. d4 cxd4 4. Nxd4 Nf6 5. Nc3 a6 6. Bc4 e6 7. Bb3 b5 8. O-O
Be7 9. Re1 O-O 10. Qf3 Qb6 11. Be3 Qb7 12. a3 Bd7 13. Qg3 Kh8 14. Rad1 Nc6 15.
f3 Rac8 16. Nxc6 Bxc6 17. Rd2 a5 18. Red1 b4 19. axb4 axb4 20. Ne2 Bb5 21. Qf2
Bc4 22. g4 d5 23. g5 Nd7 24. exd5 Ne5 25. h3 $2 (25. Qg3 $16) 25... exd5 26. f4
Bxe2 $2 27. Bxd5 $1 $18 Nf3+ 28. Kh1 $4 (28. Kg2 $1 $18) 28... Qd7 $19 29. Qg3
Nxd2 30. Rxd2 Bb5 31. Be4 Qe6 0-1